000 00608nam a2200193 4500
001 123820
003 ES-MaACL
005 20230906192242.0
007 t|
008 070214s1966 sp r ||||1| spa d
100 1 _aRamírez, Joaquín A.
_995095
245 1 0 _aPetróleo, energía y opinión pública /
_cJoaquín A. Ramírez.
260 _aMadrid :
_b[s. n.],
_c1966 (
_fGráf. Iberoamericanas)
300 _a376 p., 5 h. :
_bil. ;
_c22 cm +
_e4 h. pleg.
490 1 _aPetróleo y energía
830 0 _aPetróleo y energía
_9218970
852 _aES-MaACL
_jC-29346
_bR.59748
999 _c123820
_d123820